01368nam a22002777a 4500003000400000005001700004008004100021020001800062040002100080041001300101082001400114100003400128245014200162250002200304260003800326300006300364490002300427500005400450500006600504520033100570650004200901650003100943650003500974700003801009700004301047OSt20250716163548.0221213s2018 ck a|||cr|||| 00| jdspa d a9789583056451 aCO-JMCRcCO-JMCR1 aspahger04aJ-CbMAXy1 aMaxeiner, Alexandra, eautora10aYo, Lilly y la danza de los flamencos / cAlexandra Maxeiner ; ilustraciones de Martina Badstuber ; traducción, Olga Martín Maldonado aPrimera edición aBogotá : bPanamericana, c2018 a154 páginas : bilustraciones a blanco y negro ; c23 cm0 aLiteratura juvenil aIncluye biografía de la autora y la ilustradora aTítulo original: Ich, Lilly und die sache mit den flamingos3 aLa abuela espera que participemos en su celebración de cumpleaños; un poco difícil ponernos de acuerdo porque Lilly nunca colabora, en cambio yo sí... en fin, haremos entonces la danza de los flamencos. Ingenioso, original y muy divertido. He aquí un libro para que los niños lean solos o para leerles en voz alta.14aCuentos juveniles alemanesySiglo XXI24aFamiliavCuentos juveniles24aConvivenciavCuentos juveniles1 a Badstuber, Martina, eilustrador1 aMartín Maldonado, Olga, etraductora